Fr. Conceicao Rodrigues College of Engineering

Designing the internet of things (Record no. 24216)

MARC details
000 -LEADER
fixed length control field 00321nam a2200157Ia 4500
082 ## - DEWEY DECIMAL CLASSIFICATION NUMBER
Item number MCE
100 ## - MAIN ENTRY--PERSONAL NAME
Personal name McEwen Adrian/ Hakim/Cassimally
245 ## - TITLE STATEMENT
Title Designing the internet of things
260 ## - PUBLICATION, DISTRIBUTION, ETC.
Name of publisher, distributor, etc. Wiley
Date of publication, distribution, etc. 2014
366 ## - TRADE AVAILABILITY INFORMATION
Publishers's discount category 20
546 ## - LANGUAGE NOTE
Language note ENGLISH
650 ## - SUBJECT ADDED ENTRY--TOPICAL TERM
Topical term or geographic name entry element IOT
654 ## - SUBJECT ADDED ENTRY--FACETED TOPICAL TERMS
Focus term IOT
942 ## - ADDED ENTRY ELEMENTS (KOHA)
Koha item type Reference Book
Holdings
Withdrawn status Lost status Damaged status Not for loan Collection Home library Current library Date acquired Source of acquisition Cost, normal purchase price Inventory number Total Checkouts Full call number Barcode Date last seen Cost, replacement price Price effective from Koha item type
        CRC Fr. Agnel's C.Rodrigues College of Engineering Fr. Agnel's C.Rodrigues College of Engineering 17/03/2023 Readers World 1967.34 325 dt 30.07.2022   MCE 25911 17/03/2023 2459.18   Reference Book